01365cam a22002651 4500001001300000003000400013005001700017008004100034010001700075040001800092041001700110050004300127082003600170130007300206245042300279260004600702300001800748490003100766490005200797500004600849610005500895830008400950830004801034999001701082pa 68000106 DLC20260227111857.0811028s1966 dcu 000 0 spa  apa 68000106  aDLCcDLCdDLC0 aspaengfrepor00aF1402b.A169 OEA/Ser.A/13 (SEPF)aS40100a341/.02635a341.7/6757/02652190 aConvention on the Inter-American Institute of Agricultural Sciences.00aConvención sobre el Instituto Interamericano de Ciencias Agrícolas y su Protocolo de enmienda abierto a la firma en la Unión Panamericana el 15 de enero de 1944 y el 1⁰. de diciembre de 1958, respectivamente.bConvention on the Inter-American Institute of Agricultural Sciences and the Protocol of amendment opened for signature at the Pan American Union on January 15, 1944 and December 1, 1958, respectively. aWashington,bUnión Panamericana,c1966. a63 p.c23 cm.1 aSerie sobre tratados ;v121 aOEA documentos oficiales ;vOEA/Ser.A/13 (SEPF) aSpanish, English, Portuguese, and French.20aInter-American Institute of Agricultural Sciences. 0aTreaty series (Organization of American States. General Secretariat) ;vno. 12. 0aOAS official records ;vOEA/Ser.A/13 (SEPF) c51629d51629